000 02176nam2a2200277 4500
001 RU\NLR\BIBL_A\022596363
005 20260119132045.0
010 _a978-5-93216-649-9
_9100
021 _aRU
_bКН-П-25-034077
_9КН-П-25-3368
035 _a(NLR Aleph) 022596363
090 _a13462204
_c13462204
100 _a20250805d2025 k y0rusy50 ca
101 0 _arus
_deng
102 _aRU
105 _aa z 110yy
200 0 _aВып. 25
_eпосвященный 55-летию УралГУФК
_fФедеральное государственное бюджетное образовательное учреждение высшего образования "Уральский государственный университет физической культуры", Кафедра педагогики
_gредакционная коллегия: кандидат педагогических наук, доцент Ю. К. Померанцева (отв. ред.), доктор педагогических наук, профессор А. А. Найн
210 _d2025
215 _a140 с.
_cил., табл.
300 _aРез. англ.
320 _aБиблиогр. в конце ст.
461 0 _1001RU\NLR\bibl\1423676
_12001#$aПедагогическая наука и образование$e[тематический сборник научных трудов]$fМ-во спорта, туризма и молодеж. политики РФ, Ур. гос. ун-т физ. культуры, Каф. педагогики$g[отв. ред. А.Я. Найн]$vВып. 25
_91310065
_cЧелябинск
_d2009
_fМ-во спорта, туризма и молодеж. политики РФ, Ур. гос. ун-т физ. культуры, Каф. педагогики
_nУральская академия
_o[тематический сборник научных трудов]
_tПедагогическая наука и образование
_vВып. 25
942 _cBOOK
980 _aNB